|
|
|
|
| LEADER |
00000cam a22000004a 4500 |
| 001 |
musev2_95461 |
| 003 |
MdBmJHUP |
| 005 |
20230905053154.0 |
| 006 |
m o d |
| 007 |
cr||||||||nn|n |
| 008 |
070511m20089999nju o 00 0 eng d |
| 020 |
|
|
|a 9780813542317
|
| 020 |
|
|
|z 0813542316
|
| 040 |
|
|
|a MdBmJHUP
|c MdBmJHUP
|
| 245 |
0 |
0 |
|a Public Health :
|b The Development of a Discipline, From the Age of Hippocrates to the Progressive Era /
|c edited by Dona Schneider and David E. Lilienfeld.
|
| 264 |
|
1 |
|a New Brunswick, N.J. :
|b Rutgers University Press,
|c 2008-<c2011>
|
| 264 |
|
3 |
|a Baltimore, Md. :
|b Project MUSE,
|c 0000
|
| 264 |
|
4 |
|c ©2008-<c2011>
|
| 300 |
|
|
|a 1 online resource (768 pages).
|
| 336 |
|
|
|a text
|b txt
|2 rdacontent
|
| 337 |
|
|
|a computer
|b c
|2 rdamedia
|
| 338 |
|
|
|a online resource
|b cr
|2 rdacarrier
|
| 505 |
0 |
|
|a pt. 1. Population health issues -- pt. 2. Diseases, therapies, and prevention -- pt. 3. Improving public health.
|
| 520 |
8 |
|
|a The editors provide annotated readings and biographical details to punctuate the historical timeline and to provide students with insights into the progression of ideas, initiatives and reforms in the field.
|
| 588 |
|
|
|a Description based on print version record.
|
| 650 |
|
7 |
|a Public health.
|2 fast
|0 (OCoLC)fst01082238
|
| 650 |
|
6 |
|a Sante publique
|x Histoire.
|
| 650 |
1 |
2 |
|a Public Health
|x history
|
| 650 |
|
0 |
|a Public health
|x History.
|
| 655 |
|
7 |
|a History.
|2 fast
|0 (OCoLC)fst01411628
|
| 655 |
|
2 |
|a Collected Work
|
| 655 |
|
7 |
|a Electronic books.
|2 local
|
| 700 |
1 |
|
|a Schneider, Dona,
|d 1946-
|
| 700 |
1 |
|
|a Lilienfeld, David E.
|
| 710 |
2 |
|
|a Project Muse.
|e distributor
|
| 830 |
|
0 |
|a Book collections on Project MUSE.
|
| 856 |
4 |
0 |
|z Texto completo
|u https://projectmuse.uam.elogim.com/book/95461/
|
| 945 |
|
|
|a Project MUSE - Custom Collection
|